| 000 | 00695nam a22002297 4500 | ||
|---|---|---|---|
| 001 | 10519696 | ||
| 003 | ARRUPE | ||
| 005 | 20161017113850.0 | ||
| 008 | 910107s1922 xx 000 0 ger | ||
| 010 | _altf90028722 | ||
| 040 |
_aDLC _cDLC _dDLC |
||
| 050 | 0 | 0 | _aDK265.R38 1927 |
| 100 | 1 |
_aReed, John, _d1887-1920. _96261 |
|
| 245 | 0 | 0 |
_aZehn Tage, die die Welt erschütterten. _cJohn Reed |
| 250 | _a3. Aufl. | ||
| 260 |
_bVerlag fer literatur und politik _c1927. _aBerlin |
||
| 300 |
_axxiii, 345 p. _c20cm. |
||
| 650 |
_aBolshevism _zRussia _926546 |
||
| 650 |
_aRussia _xHistory _xRevolution 1917 _926547 |
||
| 906 |
_a0 _bcbc _cpremunv _du _encip _f19 _gy-gencatlg |
||
| 942 |
_2lcc _cMONOGRAPH |
||
| 999 |
_c125445 _d125445 |
||